Dream-seeds / (Запис № 490432)

МАРК-запис
000 -LEADER
fixed length control field 01110nam a22002657a 4500
001 - CONTROL NUMBER
control field dreamseeds00murd
003 - CONTROL NUMBER IDENTIFIER
control field CaSfIA
005 - DATE AND TIME OF LATEST TRANSACTION
control field 20210118003129.0
007 - PHYSICAL DESCRIPTION FIXED FIELD--GENERAL INFORMATION
fixed length control field cr||||
008 - FIXED-LENGTH DATA ELEMENTS--GENERAL INFORMATION
fixed length control field 060923s1986 txu 000 0 eng
010 ## - LIBRARY OF CONGRESS CONTROL NUMBER
LC control number 2006298613
040 ## - CATALOGING SOURCE
Original cataloging agency DLC
Transcribing agency DLC
Modifying agency CaSfIA
020 ## - INTERNATIONAL STANDARD BOOK NUMBER
International Standard Book Number 0892743921
020 ## - INTERNATIONAL STANDARD BOOK NUMBER
International Standard Book Number 9780892743926
035 ## - SYSTEM CONTROL NUMBER
System control number (OCoLC)313066065
100 1# - MAIN ENTRY--PERSONAL NAME
Personal name Murdock, Mike.
245 10 - TITLE STATEMENT
Title Dream-seeds /
Medium [electronic resource]
Statement of responsibility, etc by Mike Murdock.
260 ## - PUBLICATION, DISTRIBUTION, ETC. (IMPRINT)
Place of publication, distribution, etc Denton, Tex. :
Name of publisher, distributor, etc Widsom Center,
Date of publication, distribution, etc c1986.
300 ## - PHYSICAL DESCRIPTION
Extent 112 p. ;
Dimensions 21 cm.
506 ## - RESTRICTIONS ON ACCESS NOTE
Standardized terminology for access restriction Необхідна авторизація на https://archive.org/ (створення облікового запису безкоштовно)
506 ## - RESTRICTIONS ON ACCESS NOTE
Standardized terminology for access restriction Необхідна авторизація на https://openlibrary.org/ (створення облікового запису безкоштовно)
856 41 - ELECTRONIC LOCATION AND ACCESS
Uniform Resource Identifier <a href="http://www.archive.org/details/dreamseeds00murd">http://www.archive.org/details/dreamseeds00murd</a>
Public note Free eBook from the Internet Archive
856 42 - ELECTRONIC LOCATION AND ACCESS
Uniform Resource Identifier <a href="http://www.openlibrary.org/books/OL8232569M">http://www.openlibrary.org/books/OL8232569M</a>
Public note Additional information and access via Open Library
942 ## - ADDED ENTRY ELEMENTS (KOHA)
Koha item type ЕКнига

Немає доступних примірників.